000
00318nam a2200145Ia 4500
100
_a
Anwani/ M.L.
650
_a
Electrical Engineering
942
_c
BK
654
_a
Electrical engg.
245
_a
Basic electrical engg.
260
_b
Dhanpat Rai
_a
Delhi
_c
1981
300
_a
586
546
_a
ENGLISH
999
_c
28552
_d
28552